00739nam a2200217 a 4500008004100000020002200041040002500063041001300088044001100101080001300112080000800125080000800133080002300141100002400164245007000188250001300258260007200271300004000343500011100383700002700494951121s1989||||[C 0 slo c a8022000299c22,50 aSNKbslocSNKeAACR21 aslohslo axocSK a885.4-94 a782 a929 a929 Hoza, Štefan1 aHoza, Štefan4aut10aJa svoje srdce dám... /Zv./ 1cŠtefan Hoza ; Ladislav Vančo a1., vyd. aBratislavabSlovenský spisovateľc1989eMartinfTlačiarne SNP a328 s., 20,54 AHbFot. Noty.c21 cm aCena za 1.-2. zv. 45 Kčs. Rozlož. tit. list. Fot. na front. Ilustr. a noty na predsádkach. Men. reg.1 aVančo, Ladislav4bkd